000 00838nas a2200289 4500
001 BR2012005078
003 BR-BrBNA
005 20231205120828.0
007 ta
008 230509b bl.|||p| |||| 00| 00por d
040 _aBR-BrBNA
_bpor
_cBiblioteca Nacional de Agricultura
041 _a(Pt)
072 _aL74
100 1 _aEderli, B.B.
100 1 _aRocha, A. de A.
100 1 _aGuidi, R.C.
100 1 _aRodrigues, B.G.
100 1 _aEderli, N.B.
245 1 _aDiabetes insipidus em cão - Relato de caso
650 _aCÃO
650 _aDISTÚRBIO METABÓLICO
650 _aDIABETE
650 _aDIAGNÓSTICO
773 0 _tRevista brasileira de Medicina Veterinária (Brazil)
_xISSN 0100-2430
_g(Jan-Mar 2009), v. 31(1) p. 43-45
_wBR2012005078
909 _a202311
_bLúcia
_c55
_dLúcia Elande
942 _2AGRIS
_n0
_cANA
999 _c220529
_d220529